000 00495nam a2200181Ia 4500
003 GCL
008 140319s9999 xx 000 0 ara d
040 _aGCL /
_cGCL
082 0 4 _a616.8914
_bن ك
100 1 _aنظمى لوقا
245 1 0 _aكيف تقاوم التوتر العصبى /
_cنظمى لوقا
260 _a[S.N] :
_bدار المعارف ،
_c1986
300 _a186 ص
490 _a
650 0 4 _aالامراض
650 0 4 _aالجهاز العصبى
942 _2ddc
_cBK
999 _c36008
_d36008